[Event "Warsaw Najdorf Memorial op-B 13th"]
[Site "Warsaw"]
[Date "2015.07.10"]
[Round "1"]
[White "Katus, Tomasz"]
[Black "Pietocha, Pawel"]
[Result "0-1"]
[WhiteElo "1759"]
[BlackElo "2072"]
[PlyCount "72"]
[EventDate "2015.07.10"]
[EventType "swiss"]
[EventRounds "9"]
[EventCountry "POL"]
[SourceTitle "CBM 167 Extra"]
[Source "ChessBase"]
[SourceDate "2015.09.14"]
[SourceVersion "1"]
[SourceVersionDate "2015.09.14"]
[SourceQuality "1"]

1. e4 b6 2. Nc3 Bb7 3. d4 e6 4. Be3 Bb4 5. f3 d5 6. e5 c5 7. a3 cxd4 8. Bxd4 Bxc3+ 9. Bxc3 Ba6 10. Bxa6 Nxa6 11. Ne2 Ne7 12. Qd3 Nc5 13. Qb5+ Qd7 14. Qxd7+ Nxd7 15. Kf2 Ng6 16. f4 0-0 17. Rhf1 Nc5 18. Bd4 Ne4+ 19. Kg1 Rac8 20. c3 Ne7 21. g4 f5 22. g5 Nc6 23. Be3 Na5 24. Rad1 Nc4 25. Bc1 Rc7 26. Nd4 Re8 27. Nb5 Rb7 28. Rf3 a6 29. Nd4 b5 30. Rfd3 Nb6 31. Kg2 Na4 32. Kf3 a5 33. Nc6 Ra8 34. Nd4 Ra6 35. Nc2 Nec5 36. Re3 Nb3 0-1

[Event "Milanowek-ch"]
[Site "Milanowek"]
[Date "2012.07.07"]
[Round "8"]
[White "Katus, Tomasz"]
[Black "Szustakowski, Antoni"]
[Result "0-1"]
[WhiteElo "1841"]
[BlackElo "1485"]
[PlyCount "54"]
[EventDate "2012.06.30"]
[EventType "swiss"]
[EventRounds "9"]
[EventCountry "POL"]
[SourceTitle "EXT 2014"]
[Source "ChessBase"]
[SourceDate "2013.11.20"]
[SourceVersion "1"]
[SourceVersionDate "2013.11.20"]
[SourceQuality "1"]

1. e4 Nf6 2. e5 Nd5 3. c4 Nb6 4. d4 d6 5. exd6 exd6 6. Nc3 Nc6 7. Be2 Be7 8. Nf3 Bf5 9. a3 a5 10. 0-0 0-0 11. b3 Bf6 12. Bb2 Re8 13. Qd2 Bg4 14. Nb5 a4 15. b4 Bxf3 16. gxf3 Bg5 17. Qd3 Bf4 18. h3 Qg5+ 19. Kh1 Qh4 20. Kg2 Re6 21. Rh1 Rg6+ 22. Kf1 Qg5 23. Ke1 Re8 24. Kd1 Rge6 25. Nc3 d5 26. c5 Nc4 27. Kc2 Nxd4+ 0-1

[Event "Milanowek-ch"]
[Site "Milanowek"]
[Date "2012.06.30"]
[Round "1"]
[White "Katus, Tomasz"]
[Black "Dabrowski, Mikolaj"]
[Result "0-1"]
[WhiteElo "1841"]
[BlackElo "1560"]
[PlyCount "60"]
[EventDate "2012.06.30"]
[EventType "swiss"]
[EventRounds "9"]
[EventCountry "POL"]
[SourceTitle "EXT 2014"]
[Source "ChessBase"]
[SourceDate "2013.11.20"]
[SourceVersion "1"]
[SourceVersionDate "2013.11.20"]
[SourceQuality "1"]

1. e4 c5 2. Nf3 d6 3. d4 cxd4 4. Nxd4 Nf6 5. Nc3 a6 6. f3 b5 7. Be3 e5 8. Nb3 Be6 9. Qd2 Nbd7 10. g4 Nb6 11. Bxb6 Qxb6 12. 0-0-0 Bc4 13. h4 a5 14. Kb1 a4 15. Nc1 Bxf1 16. Rhxf1 b4 17. Nd5 Nxd5 18. exd5 g6 19. f4 Bg7 20. fxe5 dxe5 21. Rde1 Qd6 22. Nd3 b3 23. Nxe5 bxc2+ 24. Kc1 0-0 25. Nc4 Qc5 26. Ne5 Rab8 27. Qxc2 Qxd5 28. Nc4 Rfc8 29. b3 axb3 30. axb3 Ra8 0-1